|
|
|
|
| LEADER |
01450nam a2200385 a 4500 |
| 001 |
EBC1114140 |
| 003 |
MiAaPQ |
| 005 |
20200520144314.0 |
| 006 |
m o d | |
| 007 |
cr cn||||||||| |
| 008 |
130227s2006 enka sb 000 0 eng d |
| 020 |
|
|
|z 1847180108
|
| 020 |
|
|
|z 9781847180100
|
| 020 |
|
|
|a 9781443802291 (electronic bk.)
|
| 035 |
|
|
|a (MiAaPQ)EBC1114140
|
| 035 |
|
|
|a (Au-PeEL)EBL1114140
|
| 035 |
|
|
|a (CaPaEBR)ebr10655405
|
| 035 |
|
|
|a (CaONFJC)MIL202976
|
| 035 |
|
|
|a (OCoLC)815767164
|
| 040 |
|
|
|a MiAaPQ
|c MiAaPQ
|d MiAaPQ
|
| 043 |
|
|
|a f------
|
| 050 |
|
4 |
|a HC27.2
|b .M44 2006
|
| 245 |
0 |
0 |
|a Meeting the information challenge
|h [electronic resource] :
|b the experience of Africa /
|c edited by Margaret Grieco, Royal Colle and Muna Ndulo.
|
| 260 |
|
|
|a Newcastle :
|b Cambridge Scholars Press,
|c 2006.
|
| 300 |
|
|
|a xi, 217 p. :
|b ill.
|
| 504 |
|
|
|a Includes bibliographical references.
|
| 533 |
|
|
|a Electronic reproduction. Ann Arbor, MI : ProQuest, 2015. Available via World Wide Web. Access may be limited to ProQuest affiliated libraries.
|
| 651 |
|
0 |
|a Africa
|x Economic policy
|x Information services.
|
| 651 |
|
0 |
|a Africa
|x Social policy
|x Information services.
|
| 655 |
|
4 |
|a Electronic books.
|
| 700 |
1 |
|
|a Grieco, Margaret,
|d 1950-
|
| 700 |
1 |
|
|a Colle, Royal.
|
| 700 |
1 |
|
|a Ndulo, Muna.
|
| 710 |
2 |
|
|a ProQuest (Firm)
|
| 856 |
4 |
0 |
|u https://ebookcentral.proquest.com/lib/matrademy/detail.action?docID=1114140
|z Click to View
|